| 000 | 00624nam a22002171 4500 | ||
|---|---|---|---|
| 001 | 74734 | ||
| 003 | BD-RjUL | ||
| 005 | 20211209082608.0 | ||
| 008 | 181127s1981 bg 000 0 eng | ||
| 035 | _a(BD-RjUL)74952 | ||
| 040 |
_aDLC _cDLC _dDLC _dBD-RjUL _beng |
||
| 041 | _aeng | ||
| 082 | 0 | 0 |
_a158.7 _bMYI 1956 _223 |
| 100 | 2 |
_a Khan, Md. Muinuddin. _970022 |
|
| 245 | 1 | 0 |
_aIndustrial psychology / _cedited by Charless S. Myers |
| 260 |
_aLondon : _boxford University press, _c1956 |
||
| 300 |
_a252 p. : _bill. ; _c17 cm. |
||
| 650 |
_aPsychology , Industrial _9229757 |
||
| 942 |
_2ddc _cBK |
||
| 999 |
_c74734 _d74734 |
||